00906nam a2200205 a 450000100100000000500170001000800410002702000150006804000250008310000400010824501640014826000270031230000210033950400320036050400730039270000440046571000690050995201050057899900170068300004154920201002035632.0131009s1988 sp 000 0 spa d a8400067320 aDO-SdBNPbspacBNPHU1 aIbn Wassah, Muhammad b. Bazi96829110aKitâb Al-Bida' :btratado contra las innovaciones /cMuhammad b. Waddah al-Qurtubi ; nueva edición, traducción, estudio e índices por M. Isabel Fierro. aMadrid :bCSIC,c1988. a411 p. ;c22 cm. aBibliografía : p. 408-411 aIncluye referencias bibliográficas y notas al pie de las páginas1 aFierro Bello, María Isabeletr.915932 aInstituto de Filología, Departamento de Estudios Arabes968012 001050718MOaGRbGRcCTd2013-10-09iLF1l0o p41549-10r2020-06-25w2020-06-25y1ZNo se presta c41039d41039